Od problémov k prosperite

Výrobný program firmy Podravka Koprivnica. Marketingové princípy firmy. Kontrola výrobného procesu. Centrum pre výskum potravín. Zákazníci firmy. Výrobky firmy. Rozhovor s Z. Majdančičom, predsedom správnej rady koncernu Podravka o privatizácii podniku.

Na minha lista:
Detalhes bibliográficos
Autor principal: Sotník, Alexander
Formato: Capítulo de Livro
Idioma:eslovaco
Assuntos:
Tags: Adicionar Tag
Sem tags, seja o primeiro a adicionar uma tag!

MARC

LEADER 00000naa a2200000 4500
001 r022855
005 20251104123817.6
041 0 |a slo 
044 |a SK 
245 1 0 |a Od problémov k prosperite  |c Alexander Sotník 
520 |a Výrobný program firmy Podravka Koprivnica. Marketingové princípy firmy. Kontrola výrobného procesu. Centrum pre výskum potravín. Zákazníci firmy. Výrobky firmy. Rozhovor s Z. Majdančičom, predsedom správnej rady koncernu Podravka o privatizácii podniku. 
610 2 0 |a podnikanie obchodné 
610 2 0 |a firmy 
610 2 0 |a Podravka, s.r.o. Koprivnica 
610 2 0 |a marketing 
610 2 0 |a potraviny 
610 2 0 |a kontrola výroby 
610 2 0 |a privatizácia 
100 1 |a Sotník, Alexander